00328 a2200109 4500001000700000020000600007040001100013100003000024240008000054245007500134362000900209166452 a  cMagnum aCarraher, Terezinha Nunes10aAprender pensando: contribuicoes da psicologia cognitiva para a educa.lpor10aAprender pensando: contribuicoes da psicologia cognitiva para a educa.0 a1899